=LDR 00000nam 2200000 4500 =001 INLIS000000000027780 =005 20130612130128 =008 ***********************************Ind** =035 ##$$0010-061300000027780 =041 ##$$a Ind =082 ##$$a 2x3.1 =090 ##$$a 2x3.1, Alq s =100 ##$$a Al-Qahthani, Sa'id Bin Ali Bin Wahf =245 ##$$a Syarah asma'ul husna, Sa'id Bin Ali Bin Wahf Al- Qahthani ; penerjemah, Abu Fatimah Muhammad Iqbal Ahmad Gazali =260 ##$$a 2005 $b Jakarta =300 ##$$a xviii, 256 hlm, 23 cm =650 ##$$a Asma'ul Husna =700 ##$$a Gazali Abu Fatimah Muhammad Iqbal Ahmad =850 ##$$a NBPNMAT